[Event "Maisonneuve mem op"]
[Site "Gatineau CAN"]
[Date "2009.11.10"]
[Round "5"]
[White "Danilov, Alex"]
[Black "Guimond, Michel"]
[Result "1-0"]
[WhiteElo "1868"]
[BlackElo "1960"]
[PlyCount "135"]
[GameId "2160767910096413"]
[EventDate "2009.10.13"]
[EventType "swiss"]
[EventRounds "5"]
[EventCountry "CAN"]
[SourceTitle "EXT 2011"]
[Source "ChessBase"]
[SourceDate "2011.11.26"]
[SourceVersion "1"]
[SourceVersionDate "2011.11.26"]
[SourceQuality "1"]

1. e4 e6 2. d3 d5 3. Nd2 c5 4. Ngf3 Nf6 5. g3 Nc6 6. Bg2 Bd6 7. O-O d4 8. c3 e5 9. Nc4 Bg4 10. h3 Be6 11. Nxd6+ Qxd6 12. Ng5 dxc3 13. bxc3 O-O-O 14. Ba3 b6 15. Qa4 Rhf8 16. d4 Nxd4 17. cxd4 exd4 18. e5 Qxe5 19. Nxe6 fxe6 20. Bc1 Qc7 21. Qa6+ Kd7 22. Qb5+ Ke7 23. Bf4 Qd7 24. Bc6 Qc8 25. Rfe1 h6 26. Qa4 a5 27. Rab1 Nd5 28. Bxd5 Rxd5 29. Rxb6 Rf6 30. Qxa5 Kf7 31. Be5 c4 32. Qb4 d3 33. Bc3 e5 34. Rb8 Qf5 35. Qb7+ Rd7 36. Qg2 d2 37. Rd1 Qc2 38. Rxd2 Rxd2 39. Bxd2 e4 40. Be3 Rf3 41. Rd8 Qxa2 42. Rd7+ Ke6 43. Ra7 Qb3 44. Rxg7 c3 45. Rg6+ Kd5 46. Rxh6 Rxe3 47. fxe3 Qd1+ 48. Kh2 c2 49. Rh8 c1=Q 50. Rd8+ Ke5 51. Rxd1 Qxd1 52. Qf2 Qb1 53. h4 Kd5 54. Qf7+ Ke5 55. Qc7+ Kd5 56. Qf7+ Kc5 57. Qf4 Kc4 58. h5 Kd3 59. h6 Qb6 60. Kh3 Qe6+ 61. g4 Qe7 62. g5 Qe6+ 63. Kh4 Qe7 64. Kh5 Qe8+ 65. g6 Qb5+ 66. Qg5 Qb2 67. g7 Qh2+ 68. Kg6 1-0

[Event "Maisonneuve mem op"]
[Site "Gatineau CAN"]
[Date "2009.11.10"]
[Round "5"]
[White "Desjardins, Michel"]
[Black "Rose, Richard1"]
[Result "1-0"]
[WhiteElo "1900"]
[BlackElo "1775"]
[PlyCount "63"]
[GameId "2160767910096414"]
[EventDate "2009.10.13"]
[EventType "swiss"]
[EventRounds "5"]
[EventCountry "CAN"]
[SourceTitle "EXT 2011"]
[Source "ChessBase"]
[SourceDate "2011.11.26"]
[SourceVersion "1"]
[SourceVersionDate "2011.11.26"]
[SourceQuality "1"]

1. e4 c5 2. Nc3 Nc6 3. g3 g6 4. Bg2 Bg7 5. d3 d6 6. Be3 e6 7. Qd2 Nge7 8. Bh6 O-O 9. Bxg7 Kxg7 10. h4 h5 11. g4 hxg4 12. h5 Rh8 13. h6+ Kh7 14. Qf4 f5 15. exf5 gxf5 16. O-O-O Ng6 17. Qd2 Nce5 18. d4 cxd4 19. Qxd4 d5 20. f4 gxf3 21. Nxf3 Qf6 22. Rde1 Ng4 23. Qxf6 Nxf6 24. Ng5+ Kg8 25. Nxe6 Ne4 26. Nc7 Rb8 27. N7xd5 Be6 28. Nxe4 fxe4 29. Bxe4 Bxd5 30. Bxd5+ Kh7 31. Be4 Rhe8 32. c4 1-0

[Event "Maisonneuve mem op"]
[Site "Gatineau CAN"]
[Date "2009.11.10"]
[Round "5"]
[White "Groleau, Gilles"]
[Black "Beriault, Silvain"]
[Result "1-0"]
[WhiteElo "1864"]
[BlackElo "1703"]
[PlyCount "63"]
[GameId "2160767910096415"]
[EventDate "2009.10.13"]
[EventType "swiss"]
[EventRounds "5"]
[EventCountry "CAN"]
[SourceTitle "EXT 2011"]
[Source "ChessBase"]
[SourceDate "2011.11.26"]
[SourceVersion "1"]
[SourceVersionDate "2011.11.26"]
[SourceQuality "1"]

1. e4 c5 2. Nc3 e6 3. f4 Nc6 4. Nf3 d6 5. Bb5 Bd7 6. O-O a6 7. Bxc6 Bxc6 8. d3 Nf6 9. e5 Nd5 10. Ne4 Be7 11. c4 Nc7 12. Be3 d5 13. Nxc5 d4 14. Nxb7 Bxb7 15. Qa4+ Kf8 16. Nxd4 Bc5 17. Nc2 Bxe3+ 18. Nxe3 Qe7 19. Rad1 h5 20. d4 g6 21. Rf2 Kg7 22. f5 exf5 23. Rxf5 Rhd8 24. Rxh5 Rh8 25. Rxh8 Rxh8 26. Qc2 Qh4 27. Nf1 Rh5 28. Qf2 Qg4 29. Ne3 Qe4 30. Rf1 Rh3 31. Qf6+ Kh6 32. Qh8+ 1-0

[Event "Maisonneuve mem op"]
[Site "Gatineau CAN"]
[Date "2009.11.10"]
[Round "5"]
[White "Jiang, Qizhe"]
[Black "Richard, Georges"]
[Result "0-1"]
[WhiteElo "1146"]
[BlackElo "1773"]
[PlyCount "46"]
[GameId "2160767910096416"]
[EventDate "2009.10.13"]
[EventType "swiss"]
[EventRounds "5"]
[EventCountry "CAN"]
[SourceTitle "EXT 2011"]
[Source "ChessBase"]
[SourceDate "2011.11.26"]
[SourceVersion "1"]
[SourceVersionDate "2011.11.26"]
[SourceQuality "1"]

1. e4 c5 2. Nf3 e6 3. d4 cxd4 4. Nxd4 Nc6 5. Nc3 Be7 6. Bc4 a6 7. a3 Nf6 8. O-O Qc7 9. Kh1 b5 10. Bb3 Bb7 11. f4 Nxd4 12. Qxd4 Bc5 13. Qd3 h5 14. e5 Qc6 15. Rf3 Ng4 16. Nd1 Qb6 17. Rf1 Rd8 18. h3 d6 19. exd6 Rxd6 20. Qe2 Qc6 21. f5 Rxd1 22. Rxd1 Nf2+ 23. Kh2 Qxg2# 0-1

[Event "Maisonneuve mem op"]
[Site "Gatineau CAN"]
[Date "2009.11.10"]
[Round "5"]
[White "Menard, Marc"]
[Black "Berthiaume, Patrick"]
[Result "0-1"]
[WhiteElo "1495"]
[BlackElo "1176"]
[PlyCount "62"]
[GameId "2160767910096417"]
[EventDate "2009.10.13"]
[EventType "swiss"]
[EventRounds "5"]
[EventCountry "CAN"]
[SourceTitle "EXT 2011"]
[Source "ChessBase"]
[SourceDate "2011.11.26"]
[SourceVersion "1"]
[SourceVersionDate "2011.11.26"]
[SourceQuality "1"]

1. e4 e6 2. d4 d5 3. Nc3 Bb4 4. e5 c5 5. a3 Bxc3+ 6. bxc3 Qc7 7. Bb5+ Nc6 8. Ne2 Nge7 9. f4 a6 10. Ba4 cxd4 11. cxd4 Qa5+ 12. Bd2 Qxa4 13. Be3 Qa5+ 14. c3 Nf5 15. Bf2 O-O 16. O-O Bd7 17. g4 Nfe7 18. Qc2 f5 19. h3 fxg4 20. hxg4 g6 21. Bh4 Rf7 22. Ng3 Raf8 23. Bf6 Rc8 24. Rf2 Nxd4 25. Qb2 Qxc3 26. Qxc3 Rxc3 27. Kh2 Rc2 28. Rxc2 Nxc2 29. Rc1 Ba4 30. Ne2 d4 31. Kh3 Nc6 0-1

[Event "Maisonneuve mem op"]
[Site "Gatineau CAN"]
[Date "2009.11.10"]
[Round "5"]
[White "Rainey, Ivan"]
[Black "Scantland, Patrick"]
[Result "0-1"]
[WhiteElo "1413"]
[BlackElo "1751"]
[PlyCount "40"]
[GameId "2160767910096418"]
[EventDate "2009.10.13"]
[EventType "swiss"]
[EventRounds "5"]
[EventCountry "CAN"]
[SourceTitle "EXT 2011"]
[Source "ChessBase"]
[SourceDate "2011.11.26"]
[SourceVersion "1"]
[SourceVersionDate "2011.11.26"]
[SourceQuality "1"]

1. d4 Nf6 2. c4 e6 3. Nc3 d5 4. Nf3 Be7 5. Bf4 c5 6. cxd5 Nxd5 7. Nxd5 Qxd5 8. e3 c4 9. Bxb8 Rxb8 10. Qa4+ Bd7 11. Qxc4 Qa5+ 12. Nd2 Bb4 13. Qc2 Rc8 14. Qd1 Ba4 15. b3 Bd7 16. Bc4 O-O 17. Ke2 e5 18. Nf3 Bg4 19. h3 Bxf3+ 20. Kxf3 Bc3 0-1

[Event "Maisonneuve mem op"]
[Site "Gatineau CAN"]
[Date "2009.11.10"]
[Round "5"]
[White "Thibault, Mario"]
[Black "Arsenault, Michel"]
[Result "1-0"]
[WhiteElo "1669"]
[BlackElo "1923"]
[PlyCount "125"]
[GameId "2160767910096419"]
[EventDate "2009.10.13"]
[EventType "swiss"]
[EventRounds "5"]
[EventCountry "CAN"]
[SourceTitle "EXT 2011"]
[Source "ChessBase"]
[SourceDate "2011.11.26"]
[SourceVersion "1"]
[SourceVersionDate "2011.11.26"]
[SourceQuality "1"]

1. e4 c5 2. Nc3 Nc6 3. Bb5 g6 4. Bxc6 dxc6 5. f4 Bg7 6. Nf3 Nf6 7. O-O O-O 8. d3 Qc7 9. Qe1 Bg4 10. Qh4 Bxf3 11. Rxf3 c4 12. f5 cxd3 13. cxd3 e6 14. Bg5 Qb6+ 15. Rf2 Nd7 16. f6 Bh8 17. Re1 h6 18. Bxh6 Bxf6 19. Qh3 Bd4 20. Be3 Bxe3 21. Rxe3 Kg7 22. Qf3 e5 23. Na4 Qd4 24. Nc3 Rae8 25. g4 Re6 26. g5 Qd6 27. Qh3 Rh8 28. Qg4 Qe7 29. Ref3 f6 30. h4 Rh5 31. Ne2 fxg5 32. Rf7+ Qxf7 33. Rxf7+ Kxf7 34. hxg5 Nc5 35. Ng3 Rh8 36. b4 Nxd3 37. Qf3+ Nf4 38. Ne2 Rh4 39. Nxf4 exf4 40. Kg2 Re5 41. Qb3+ Kf8 42. Qd3 Rg4+ 43. Kf2 Rgxg5 44. Qd8+ Kg7 45. Qd7+ Kh6 46. Qf7 Rxe4 47. Qxb7 Rf5 48. Qxc6 Ree5 49. Qa8 f3 50. Qh8+ Kg5 51. Qd8+ Kg4 52. Qd4+ Kh3 53. Qd7 Re2+ 54. Kf1 Kg4 55. Qd4+ Rf4 56. Qd7+ Kg3 57. Qd6 Re1+ 58. Kxe1 g5 59. Kf1 f2 60. Qe5 Kf3 61. Qe2+ Kg3 62. b5 Kh2 63. Qh5+ 1-0

[Event "Manitoba-ch U20"]
[Site "Winnipeg CAN"]
[Date "2009.11.14"]
[Round "1"]
[White "Green, Leah"]
[Black "Raihman, Igal"]
[Result "0-1"]
[WhiteElo "1268"]
[BlackElo "1954"]
[PlyCount "54"]
[GameId "2160767910030351"]
[EventDate "2009.11.14"]
[EventType "swiss"]
[EventRounds "4"]
[EventCountry "CAN"]
[SourceTitle "EXT 2011"]
[Source "ChessBase"]
[SourceDate "2011.11.26"]
[SourceVersion "1"]
[SourceVersionDate "2011.11.26"]
[SourceQuality "1"]

1. e4 c5 2. Nf3 d6 3. Nc3 a6 4. d4 cxd4 5. Nxd4 Nf6 6. Bg5 e6 7. Nf3 Nc6 8. Be2 Be7 9. Qd2 Qc7 10. O-O b5 11. a3 Bb7 12. Rad1 O-O-O 13. Qc1 h6 14. Bxf6 gxf6 15. a4 b4 16. Na2 a5 17. Qd2 Ne5 18. Nxe5 dxe5 19. Qe1 Bxe4 20. Bd3 Bb7 21. c3 b3 22. Nc1 Qb6 23. Qe3 Bc5 24. Qe2 Qc6 25. Qf3 Qxf3 26. gxf3 Rdg8+ 27. Kh1 Bxf3# 0-1

[Event "Manitoba-ch U20"]
[Site "Winnipeg CAN"]
[Date "2009.11.14"]
[Round "1"]
[White "Swift, Ryne"]
[Black "Araullo, Paolo"]
[Result "0-1"]
[WhiteElo "1817"]
[BlackElo "2180"]
[PlyCount "86"]
[GameId "2160767910030352"]
[EventDate "2009.11.14"]
[EventType "swiss"]
[EventRounds "4"]
[EventCountry "CAN"]
[SourceTitle "EXT 2011"]
[Source "ChessBase"]
[SourceDate "2011.11.26"]
[SourceVersion "1"]
[SourceVersionDate "2011.11.26"]
[SourceQuality "1"]

1. e4 e6 2. d4 d5 3. exd5 exd5 4. Nf3 Nf6 5. Nbd2 Bd6 6. c3 O-O 7. Be2 Bf5 8. O-O Nbd7 9. Re1 Re8 10. Nf1 Ne4 11. Ng3 Bg6 12. Nd2 Ndf6 13. Ndxe4 Nxe4 14. Nxe4 Bxe4 15. h3 Qf6 16. Be3 c6 17. f3 Bf5 18. Bf2 Bc7 19. Bf1 Qd6 20. g3 h5 21. h4 Qg6 22. Kh2 Qf6 23. Rxe8+ Rxe8 24. Kh1 Re6 25. Qd2 Qd8 26. Re1 Rg6 27. f4 Be4+ 28. Kh2 Qf6 29. Bh3 Bd6 30. b4 b5 31. Qe2 Bxf4 32. Rf1 Qxh4 33. Rg1 Bf5 34. Qf1 Qxh3+ 35. Qxh3 Bxh3 36. Kxh3 Bd2 37. Be1 Bxe1 38. Rxe1 Re6 39. Rb1 Re2 40. a3 Rc2 41. Rb3 g5 42. a4 f6 43. axb5 g4+ 0-1

[Event "Manitoba-ch U20"]
[Site "Winnipeg CAN"]
[Date "2009.11.14"]
[Round "2"]
[White "Araullo, Paolo"]
[Black "Villeneuve, Justin"]
[Result "1-0"]
[WhiteElo "2180"]
[BlackElo "1214"]
[PlyCount "117"]
[GameId "2160767910030353"]
[EventDate "2009.11.14"]
[EventType "swiss"]
[EventRounds "4"]
[EventCountry "CAN"]
[SourceTitle "EXT 2011"]
[Source "ChessBase"]
[SourceDate "2011.11.26"]
[SourceVersion "1"]
[SourceVersionDate "2011.11.26"]
[SourceQuality "1"]

1. e4 e5 2. Nf3 Nc6 3. Bc4 a6 4. O-O Nf6 5. d3 Bc5 6. Nc3 O-O 7. Be3 Bxe3 8. fxe3 d6 9. h3 Bd7 10. d4 exd4 11. exd4 Qe7 12. Re1 Rae8 13. Nd5 Nxd5 14. exd5 Qd8 15. dxc6 Bxc6 16. d5 Bd7 17. Qd2 Rxe1+ 18. Rxe1 Re8 19. Rxe8+ Qxe8 20. Qe2 Qd8 21. Bd3 g6 22. Nd2 Qf6 23. c3 c6 24. Ne4 Qe7 25. Qf3 cxd5 26. Nf6+ Kg7 27. Nxd7 Qxd7 28. Qxd5 Qe7 29. Qe4 Qf6 30. Qd4 b5 31. Qxf6+ Kxf6 32. Be4 Ke7 33. Bb7 Kd7 34. Bxa6 Kc6 35. Kf2 Kb6 36. Bc8 f5 37. g4 fxg4 38. hxg4 h5 39. g5 Kc6 40. Be6 d5 41. Bf7 Kd7 42. Bxg6 Ke6 43. Bxh5 Ke7 44. Kf3 Kf8 45. Kf4 Kg8 46. Kf5 Kf8 47. Kg6 Kg8 48. Kh6 Kf8 49. Kh7 Ke7 50. g6 Kf8 51. g7+ Ke7 52. g8=Q Kd6 53. Qg5 Ke6 54. Bg4+ Kd6 55. Qf6+ Kc7 56. Qe7+ Kc6 57. Bc8 Kb6 58. Qb7+ Ka5 59. Qa6# 1-0

[Event "Manitoba-ch U20"]
[Site "Winnipeg CAN"]
[Date "2009.11.14"]
[Round "2"]
[White "Raihman, Igal"]
[Black "Green, Aaron"]
[Result "1-0"]
[WhiteElo "1954"]
[BlackElo "1980"]
[PlyCount "78"]
[GameId "2160767910030354"]
[EventDate "2009.11.14"]
[EventType "swiss"]
[EventRounds "4"]
[EventCountry "CAN"]
[SourceTitle "EXT 2011"]
[Source "ChessBase"]
[SourceDate "2011.11.26"]
[SourceVersion "1"]
[SourceVersionDate "2011.11.26"]
[SourceQuality "1"]

1. e4 c5 2. c3 d5 3. exd5 Qxd5 4. d4 e6 5. Be3 Nd7 6. c4 Qc6 7. Nf3 Ngf6 8. Nc3 b6 9. Qd2 cxd4 10. Nxd4 Qb7 11. Be2 e5 12. Bf3 e4 13. Be2 Nc5 14. f3 Bd7 15. b4 exf3 16. Bxf3 Nce4 17. Qb2 Rc8 18. Qb1 Rxc4 19. Nxe4 Nxe4 20. Bxe4 Qc7 21. a3 Rc3 22. Bf2 Qc4 23. Qd1 f5 24. Bf3 Bxb4 25. axb4 Qxb4 26. Qe2+ Re3+ 27. Kf1 Rxe2 28. Bxe2 a5 29. g3 O-O 30. Kg2 f4 31. Bf3 fxg3 32. hxg3 Qc3 33. Rac1 Qa3 34. Rc7 Be6 35. Re1 Ba2 36. Ree7 Bb1 37. Rxg7+ Kh8 38. Rge7 b5 39. Nf5 Qxe7 1-0

[Event "Manitoba-ch U20"]
[Site "Winnipeg CAN"]
[Date "2009.11.15"]
[Round "3"]
[White "Green, Aaron"]
[Black "Swift, Ryne"]
[Result "1-0"]
[WhiteElo "1980"]
[BlackElo "1817"]
[PlyCount "61"]
[GameId "2160767910030356"]
[EventDate "2009.11.14"]
[EventType "swiss"]
[EventRounds "4"]
[EventCountry "CAN"]
[SourceTitle "EXT 2011"]
[Source "ChessBase"]
[SourceDate "2011.11.26"]
[SourceVersion "1"]
[SourceVersionDate "2011.11.26"]
[SourceQuality "1"]

1. e4 e5 2. f4 exf4 3. Nf3 d6 4. Bc4 h6 5. d4 Nf6 6. O-O Be7 7. e5 dxe5 8. Nxe5 O-O 9. Bxf4 Nbd7 10. c3 Nxe5 11. Bxe5 c6 12. Nd2 Ng4 13. Qe2 Nxe5 14. Qxe5 Bf6 15. Qg3 b5 16. Bb3 Bb7 17. Ne4 Be7 18. Qg6 Kh8 19. Rxf7 Rxf7 20. Bxf7 Qc7 21. Be6 Rf8 22. Bf5 Kg8 23. Re1 Qb6 24. Qh7+ Kf7 25. Bg6+ Ke6 26. Nc5+ Kd6 27. Re6+ Kc7 28. Rxe7+ Kc8 29. Bf5+ Kd8 30. Rd7+ Ke8 31. Qg6+ 1-0

[Event "Manitoba-ch U20"]
[Site "Winnipeg CAN"]
[Date "2009.11.15"]
[Round "3"]
[White "Raihman, Igal"]
[Black "Araullo, Paolo"]
[Result "0-1"]
[WhiteElo "1954"]
[BlackElo "2180"]
[PlyCount "85"]
[GameId "2160767910030357"]
[EventDate "2009.11.14"]
[EventType "swiss"]
[EventRounds "4"]
[EventCountry "CAN"]
[SourceTitle "EXT 2011"]
[Source "ChessBase"]
[SourceDate "2011.11.26"]
[SourceVersion "1"]
[SourceVersionDate "2011.11.26"]
[SourceQuality "1"]

1. e4 e6 2. d4 d5 3. Nd2 Nf6 4. Bd3 c5 5. c3 Nc6 6. Ngf3 Qb6 7. O-O cxd4 8. exd5 exd5 9. cxd4 Nxd4 10. Nxd4 Qxd4 11. Re1+ Be7 12. Nf3 Qb6 13. Qe2 Qe6 14. Qc2 Qd6 15. Qa4+ Bd7 16. Qd4 O-O 17. Bg5 h6 18. Bd2 Qc5 19. Qe5 Bd6 20. Qc3 Qxc3 21. Bxc3 Rfe8 22. Ne5 Bc5 23. Rad1 d4 24. Bd2 Be6 25. b3 a6 26. Bc1 Nd5 27. Bb2 Bb4 28. Bxd4 Bxe1 29. Rxe1 Nb4 30. Bb1 Bd5 31. Rd1 Nc6 32. Nxc6 Bxc6 33. Bb6 Re2 34. Be3 Re8 35. g3 g5 36. b4 Bf3 37. Rc1 Bg4 38. h4 f5 39. Bd3 R2xe3 40. fxe3 Rxe3 41. Bc4+ Kg7 42. Kf2 Re7 43. Bb3 0-1

[Event "Manitoba-ch U20"]
[Site "Winnipeg CAN"]
[Date "2009.11.15"]
[Round "3"]
[White "Villeneuve, Justin"]
[Black "Green, Leah"]
[Result "0-1"]
[WhiteElo "1214"]
[BlackElo "1268"]
[PlyCount "106"]
[GameId "2160767910030358"]
[EventDate "2009.11.14"]
[EventType "swiss"]
[EventRounds "4"]
[EventCountry "CAN"]
[SourceTitle "EXT 2011"]
[Source "ChessBase"]
[SourceDate "2011.11.26"]
[SourceVersion "1"]
[SourceVersionDate "2011.11.26"]
[SourceQuality "1"]

1. e4 e5 2. Nf3 Nc6 3. Bb5 d6 4. Bxc6+ bxc6 5. O-O Nf6 6. d3 Bg4 7. Bg5 Be7 8. Bxf6 Bxf6 9. h3 Bh5 10. Qe2 O-O 11. Rd1 Re8 12. Re1 Qd7 13. Nc3 Rac8 14. Rad1 Rcd8 15. Nxe5 Bxe2 16. Nxd7 Bxd1 17. Nxf6+ gxf6 18. Rxd1 d5 19. exd5 cxd5 20. Nb5 Re2 21. Nxc7 Rxc2 22. Na6 Rxb2 23. Ra1 Re8 24. Nc7 Ree2 25. Nxd5 Kg7 26. Nc3 Rxf2 27. Nd1 Rxg2+ 28. Kf1 Rxa2 29. Rxa2 Rxa2 30. d4 Rd2 31. Ne3 Kf8 32. Ke1 Rxd4 33. Ke2 Re4 34. Kd3 Rxe3+ 35. Kxe3 Ke7 36. Kd4 Kd6 37. h4 a5 38. Kc4 a4 39. Kb4 Ke5 40. Kxa4 f5 41. Kb3 f4 42. Kc3 Ke4 43. Kd2 f3 44. Ke1 Ke3 45. h5 f2+ 46. Kf1 f6 47. h6 f5 48. Kg2 Ke2 49. Kg3 f1=Q 50. Kh2 Qf4+ 51. Kh3 Qg4+ 52. Kh2 Kf2 53. Kh1 Qg2# 0-1

[Event "Manitoba-ch U20"]
[Site "Winnipeg CAN"]
[Date "2009.11.15"]
[Round "4"]
[White "Araullo, Paolo"]
[Black "Green, Aaron"]
[Result "1-0"]
[WhiteElo "2180"]
[BlackElo "1980"]
[PlyCount "77"]
[GameId "2160767910030359"]
[EventDate "2009.11.14"]
[EventType "swiss"]
[EventRounds "4"]
[EventCountry "CAN"]
[SourceTitle "EXT 2011"]
[Source "ChessBase"]
[SourceDate "2011.11.26"]
[SourceVersion "1"]
[SourceVersionDate "2011.11.26"]
[SourceQuality "1"]

1. e4 c5 2. Nf3 d6 3. g3 Nf6 4. d3 Nc6 5. Bg2 g6 6. O-O Bg7 7. c3 O-O 8. h3 Qc7 9. Re1 b5 10. Be3 Nd7 11. Qd2 Rb8 12. Bh6 a5 13. Nh2 Nf6 14. Bxg7 Kxg7 15. f4 e5 16. Rf1 b4 17. f5 bxc3 18. Nxc3 Nd4 19. g4 Bb7 20. h4 Qb6 21. Kh1 Bc6 22. Rab1 Qb4 23. h5 c4 24. fxg6 fxg6 25. h6+ Kg8 26. Rf2 Nb5 27. Rbf1 Nd7 28. Qg5 d5 29. exd5 Rxf2 30. Rxf2 Nxc3 31. bxc3 Qc5 32. d4 exd4 33. cxd4 Qxd4 34. Rd2 Qc5 35. Nf1 c3 36. Re2 c2 37. Rxc2 Qxc2 38. dxc6 Qc3 39. cxd7 1-0

[Event "Manitoba-ch U20"]
[Site "Winnipeg CAN"]
[Date "2009.11.15"]
[Round "4"]
[White "Villeneuve, Justin"]
[Black "Raihman, Igal"]
[Result "0-1"]
[WhiteElo "1214"]
[BlackElo "1954"]
[PlyCount "88"]
[GameId "2160767910030361"]
[EventDate "2009.11.14"]
[EventType "swiss"]
[EventRounds "4"]
[EventCountry "CAN"]
[SourceTitle "EXT 2011"]
[Source "ChessBase"]
[SourceDate "2011.11.26"]
[SourceVersion "1"]
[SourceVersionDate "2011.11.26"]
[SourceQuality "1"]

1. e4 c5 2. Nc3 Nc6 3. Nf3 d6 4. Bc4 Nf6 5. O-O a6 6. d3 e6 7. Be3 d5 8. exd5 exd5 9. Bxd5 Nxd5 10. Nxd5 Qxd5 11. Re1 Be7 12. c4 Qh5 13. Qe2 Bg4 14. Rad1 Bxf3 15. Qxf3 Qxf3 16. gxf3 O-O-O 17. Bf4 Bf6 18. b3 Nb4 19. a3 Nxd3 20. Re4 Nxf4 21. Rxd8+ Rxd8 22. Rxf4 Rd3 23. b4 cxb4 24. axb4 Rd4 25. Rxd4 Bxd4 26. b5 axb5 27. cxb5 Kc7 28. Kf1 Kb6 29. Ke2 Kxb5 30. h3 Kc4 31. f4 b5 32. Kd2 Bxf2 33. f5 g5 34. fxg6 hxg6 35. Ke2 b4 36. Kd2 b3 37. Kc1 f5 38. Kd2 f4 39. Kd1 f3 40. Kd2 Bd4 41. Kd1 f2 42. Ke2 b2 43. Kf1 b1=Q+ 44. Ke2 Qd3# 0-1

[Event "March of Kings"]
[Site "Edmonton CAN"]
[Date "2009.03.14"]
[Round "1"]
[White "Cai, Tony"]
[Black "Yearwood, Roy"]
[Result "0-1"]
[WhiteElo "1776"]
[BlackElo "2047"]
[PlyCount "64"]
[GameId "2160767910231556"]
[EventDate "2009.03.14"]
[EventType "swiss"]
[EventRounds "5"]
[EventCountry "CAN"]
[SourceTitle "EXT 2011"]
[Source "ChessBase"]
[SourceDate "2011.11.26"]
[SourceVersion "1"]
[SourceVersionDate "2011.11.26"]
[SourceQuality "1"]

1. d4 Nc6 2. d5 Ne5 3. f4 Ng6 4. Nf3 e6 5. c4 Nf6 6. Nc3 Bb4 7. Bd2 O-O 8. e3 Re8 9. Be2 Bxc3 10. bxc3 exd5 11. cxd5 Nxd5 12. Qc1 Qe7 13. c4 Ndxf4 14. g3 Nxe2 15. Kxe2 Ne5 16. Nxe5 Qxe5 17. Bc3 Qh5+ 18. Kf2 Qf5+ 19. Ke2 Qg4+ 20. Kd2 d5 21. Bd4 dxc4 22. Qxc4 Be6 23. Qxc7 Qe4 24. Qf4 Qg2+ 25. Kd3 Bd5 26. Qg5 Be4+ 27. Kc3 Qc2+ 28. Kb4 Qd2+ 29. Bc3 a5+ 30. Kb3 Bd5+ 31. Ka4 Qxc3 32. Qxd5 Qb4# 0-1

[Event "March of Kings"]
[Site "Edmonton CAN"]
[Date "2009.03.14"]
[Round "1"]
[White "Kaminski, Thomas"]
[Black "Razzaq, Ali"]
[Result "1/2-1/2"]
[WhiteElo "2103"]
[BlackElo "1782"]
[PlyCount "82"]
[GameId "2160767910231558"]
[EventDate "2009.03.14"]
[EventType "swiss"]
[EventRounds "5"]
[EventCountry "CAN"]
[SourceTitle "EXT 2011"]
[Source "ChessBase"]
[SourceDate "2011.11.26"]
[SourceVersion "1"]
[SourceVersionDate "2011.11.26"]
[SourceQuality "1"]

1. c4 c6 2. Nf3 Nf6 3. d4 d5 4. Nc3 dxc4 5. e3 Bf5 6. Bxc4 e6 7. O-O Nbd7 8. a4 Bb4 9. Bd3 Bxd3 10. Qxd3 O-O 11. Qc2 c5 12. Rd1 cxd4 13. Nxd4 Rc8 14. Bd2 Qa5 15. Nb3 Qe5 16. Qd3 Qh5 17. Nb5 Ne5 18. Qf1 Bxd2 19. Rxd2 Qg5 20. N3d4 a6 21. Nd6 Rc7 22. h3 Qg6 23. Rc1 Rd7 24. f4 Neg4 25. Nc4 b5 26. axb5 axb5 27. hxg4 bxc4 28. g5 Nd5 29. Qf3 Rc8 30. e4 Ne7 31. Nc6 Rdc7 32. Nxe7+ Rxe7 33. Rxc4 Rce8 34. b4 e5 35. g3 exf4 36. gxf4 h6 37. f5 Qxg5+ 38. Rg2 Qf6 39. Qg4 h5 40. Qf4 Qa1+ 41. Kh2 Qe5 1/2-1/2

[Event "March of Kings"]
[Site "Edmonton CAN"]
[Date "2009.03.14"]
[Round "1"]
[White "Marshall, Jim"]
[Black "Karmali, Hafiz"]
[Result "0-1"]
[WhiteElo "1651"]
[BlackElo "2022"]
[PlyCount "60"]
[GameId "2160767910231559"]
[EventDate "2009.03.14"]
[EventType "swiss"]
[EventRounds "5"]
[EventCountry "CAN"]
[SourceTitle "EXT 2011"]
[Source "ChessBase"]
[SourceDate "2011.11.26"]
[SourceVersion "1"]
[SourceVersionDate "2011.11.26"]
[SourceQuality "1"]

1. e4 e6 2. d4 d5 3. exd5 exd5 4. c4 Nf6 5. Bd3 dxc4 6. Bxc4 Bd6 7. Ne2 O-O 8. O-O Nbd7 9. Nbc3 Nb6 10. Bb3 Re8 11. Re1 Ng4 12. Bf4 Qh4 13. Bxd6 Qxf2+ 14. Kh1 Ne3 15. Nf4 Bg4 16. Bxf7+ Kxf7 17. Qb3+ Be6 18. Re2 Qxe2 19. Nfxe2 Bxb3 20. Bxc7 Nbd5 21. Be5 Nxc3 22. Nxc3 Be6 23. Nb5 Nc4 24. Nc7 Nxe5 25. Nxa8 Rxa8 26. Rf1+ Ke7 27. dxe5 Rf8 28. Rc1 Rf2 29. Kg1 Rxb2 30. Rc7+ Bd7 0-1

[Event "March of Kings"]
[Site "Edmonton CAN"]
[Date "2009.03.14"]
[Round "1"]
[White "Moloney, Nicholas"]
[Black "Raman, Shanker"]
[Result "1-0"]
[WhiteElo "2228"]
[BlackElo "1810"]
[PlyCount "63"]
[GameId "2160767910231560"]
[EventDate "2009.03.14"]
[EventType "swiss"]
[EventRounds "5"]
[EventCountry "CAN"]
[SourceTitle "EXT 2011"]
[Source "ChessBase"]
[SourceDate "2011.11.26"]
[SourceVersion "1"]
[SourceVersionDate "2011.11.26"]
[SourceQuality "1"]

1. e4 e6 2. d4 d5 3. e5 c5 4. c3 Nc6 5. Nf3 Nge7 6. Na3 cxd4 7. cxd4 Qb6 8. Be2 Nf5 9. Nc2 Nb4 10. O-O Nxc2 11. Qxc2 Nxd4 12. Nxd4 Qxd4 13. Be3 Qxe5 14. Bb5+ Bd7 15. Bxd7+ Kxd7 16. Qa4+ Kd8 17. Bb6+ axb6 18. Qxa8+ Kd7 19. Qxb7+ Qc7 20. Qa6 Bd6 21. Rac1 Qb8 22. Qb5+ Ke7 23. Rc6 Bxh2+ 24. Kh1 Qf4 25. g3 Qh6 26. Rc7+ Kf6 27. Kg2 Qh5 28. Qd7 Ra8 29. a3 g5 30. Qe7+ Ke5 31. Re1+ Kf5 32. Qxf7+ 1-0